[Event "Swiss Queens Wed #40"]
[Site "FIDE Online Arena INT"]
[Date "2024.10.30"]
[Round "8"]
[White "Balabayeva, Kseniya"]
[Black "Luong, Phuong Hanh"]
[Result "0-1"]
[WhiteElo "2335"]
[BlackElo "2216"]
[PlyCount "92"]
[EventDate "2024.10.30"]
[EventType "swiss (blitz)"]
[EventRounds "11"]
[EventCountry "NET"]
[SourceTitle "CB45_2024"]
[Source "ChessBase"]
[SourceDate "2024.11.06"]
[SourceVersion "1"]
[SourceVersionDate "2024.11.06"]
[SourceQuality "1"]

1. e4 c5 2. Nf3 e6 3. c3 d5 4. exd5 exd5 5. Bb5+ Bd7 6. Bxd7+ Nxd7 7. 0-0 Be7 8. d4 Ngf6 9. Bg5 0-0 10. Nbd2 cxd4 11. Nxd4 h6 12. Bh4 Ne4 13. Bxe7 Qxe7 14. Re1 Ndc5 15. f3 Nd3 16. Re3 Qh4 17. Qf1 Nxd2 18. Qxd3 Nc4 19. Re2 Rae8 20. Nf5 Qf6 21. Rae1 Nxb2 22. Qxd5 Rxe2 23. Rxe2 Qxc3 24. Nd6 Qc1+ 25. Kf2 Nd1+ 26. Kg3 Nc3 27. Qd2 Nxe2+ 28. Qxe2 Qg5+ 29. Kh3 Qh5+ 30. Kg3 Qg5+ 31. Kh3 Rd8 32. Ne4 Qf5+ 33. Kg3 Re8 34. Nf6+ Qxf6 35. Qxe8+ Kh7 36. Qd7 Qg6+ 37. Kf4 Qg5+ 38. Ke4 Qxg2 39. Qxf7 Qg6+ 40. Qxg6+ Kxg6 41. Ke5 b5 42. f4 a5 43. h4 b4 44. Ke6 a4 45. f5+ Kh7 46. Kd5 b3 0-1

[Event "Swiss Queens Wed #40"]
[Site "FIDE Online Arena INT"]
[Date "2024.10.30"]
[Round "4"]
[White "Balabayeva, Kseniya"]
[Black "Nithyalakshmi, Sivanesan"]
[Result "1-0"]
[WhiteElo "2335"]
[BlackElo "1938"]
[PlyCount "65"]
[EventDate "2024.10.30"]
[EventType "swiss (blitz)"]
[EventRounds "11"]
[EventCountry "NET"]
[SourceTitle "CB45_2024"]
[Source "ChessBase"]
[SourceDate "2024.11.06"]
[SourceVersion "1"]
[SourceVersionDate "2024.11.06"]
[SourceQuality "1"]

1. d4 f5 2. c4 Nf6 3. Nc3 g6 4. Bf4 Bg7 5. e3 0-0 6. h4 d6 7. Nf3 Nh5 8. Bh2 f4 9. e4 c6 10. Be2 e5 11. d5 Bg4 12. Qd2 cxd5 13. Nxd5 Nc6 14. 0-0-0 Rc8 15. Kb1 Bxf3 16. Bxf3 Nd4 17. Bxh5 gxh5 18. Rc1 Qxh4 19. Bxf4 Qg4 20. f3 Qd7 21. Be3 Qf7 22. Bh6 Rfe8 23. Bxg7 Kxg7 24. Qg5+ Qg6 25. Rxh5 Re6 26. Qh4 Ne2 27. Rg5 Nxc1 28. Rxg6+ hxg6 29. Kxc1 Rh8 30. Qg5 Rh5 31. Qd8 Rh1+ 32. Kc2 Rh8 33. Qd7+ 1-0

[Event "Swiss Queens Wed #40"]
[Site "FIDE Online Arena INT"]
[Date "2024.10.30"]
[Round "1"]
[White "Blinova, Sofia"]
[Black "Balabayeva, Kseniya"]
[Result "0-1"]
[WhiteElo "1732"]
[BlackElo "2335"]
[PlyCount "62"]
[EventDate "2024.10.30"]
[EventType "swiss (blitz)"]
[EventRounds "11"]
[EventCountry "NET"]
[SourceTitle "CB45_2024"]
[Source "ChessBase"]
[SourceDate "2024.11.06"]
[SourceVersion "1"]
[SourceVersionDate "2024.11.06"]
[SourceQuality "1"]

1. e4 c6 2. d4 d5 3. exd5 cxd5 4. Bd3 Nc6 5. c3 Nf6 6. h3 g6 7. Qc2 Bg7 8. Nf3 0-0 9. 0-0 Qc7 10. Bg5 e5 11. dxe5 Nxe5 12. Nxe5 Qxe5 13. Bh4 Ne4 14. Nd2 f5 15. Nf3 Qc7 16. c4 Be6 17. Ng5 Nxg5 18. Bxg5 dxc4 19. Be2 f4 20. Bf3 Rae8 21. Rfe1 Qc5 22. h4 h6 23. Qxg6 Bf7 24. Qc2 hxg5 25. hxg5 Qxg5 26. Be4 Bd5 27. Bh7+ Kh8 28. f3 Bxf3 29. Bg6 Bd4+ 30. Kf1 Qh4 31. Re2 Qh1# 0-1

[Event "Swiss Queens Wed #40"]
[Site "FIDE Online Arena INT"]
[Date "2024.10.30"]
[Round "5"]
[White "Bodnaruk, Anastasia"]
[Black "Balabayeva, Kseniya"]
[Result "1-0"]
[WhiteElo "2333"]
[BlackElo "2335"]
[PlyCount "55"]
[EventDate "2024.10.30"]
[EventType "swiss (blitz)"]
[EventRounds "11"]
[EventCountry "NET"]
[SourceTitle "CB45_2024"]
[Source "ChessBase"]
[SourceDate "2024.11.06"]
[SourceVersion "1"]
[SourceVersionDate "2024.11.06"]
[SourceQuality "1"]

1. e4 c6 2. d4 d5 3. e5 Bf5 4. Nf3 e6 5. Be2 Nd7 6. 0-0 a5 7. a4 f6 8. Bd3 Bxd3 9. Qxd3 fxe5 10. Nxe5 Bd6 11. Re1 Bxe5 12. dxe5 Ne7 13. Bg5 0-0 14. Nd2 Rf5 15. Nf3 Qf8 16. c4 Ng6 17. cxd5 Ndxe5 18. Nxe5 Nxe5 19. Qg3 Nf7 20. dxe6 Nxg5 21. e7 Qf7 22. Rad1 Re8 23. Rd8 Rd5 24. Qb8 Nf3+ 25. Kh1 h5 26. Rxe8+ Kh7 27. Rh8+ Kg6 28. e8Q 1-0

[Event "Swiss Queens Wed #40"]
[Site "FIDE Online Arena INT"]
[Date "2024.10.30"]
[Round "3"]
[White "Moaataz, Ayah"]
[Black "Balabayeva, Kseniya"]
[Result "0-1"]
[WhiteElo "2060"]
[BlackElo "2335"]
[PlyCount "68"]
[EventDate "2024.10.30"]
[EventType "swiss (blitz)"]
[EventRounds "11"]
[EventCountry "NET"]
[SourceTitle "CB45_2024"]
[Source "ChessBase"]
[SourceDate "2024.11.06"]
[SourceVersion "1"]
[SourceVersionDate "2024.11.06"]
[SourceQuality "1"]

1. c4 e6 2. g3 d5 3. Bg2 Nf6 4. Nf3 Be7 5. 0-0 0-0 6. b3 c5 7. d3 d4 8. e3 Nc6 9. exd4 cxd4 10. a3 a5 11. Re1 Ra6 12. Nbd2 b6 13. Ng5 Bb7 14. Rb1 h6 15. Nge4 Nd7 16. Nf3 f5 17. Ned2 e5 18. Nh4 Bxh4 19. gxh4 Qxh4 20. Bd5+ Kh8 21. Nf3 Qf6 22. b4 axb4 23. axb4 Nd8 24. Qb3 Bxd5 25. cxd5 Nf7 26. Qc4 Ra7 27. Qc6 Nd6 28. Qc2 e4 29. Nd2 Ne5 30. dxe4 fxe4 31. Rf1 Qh4 32. f4 exf3 33. Rf2 Raf7 34. Ne4 Nxe4 0-1

[Event "Swiss Queens Wed #40"]
[Site "FIDE Online Arena INT"]
[Date "2024.10.30"]
[Round "9"]
[White "Narva, Regina R"]
[Black "Balabayeva, Kseniya"]
[Result "1-0"]
[WhiteElo "1965"]
[BlackElo "2335"]
[PlyCount "33"]
[EventDate "2024.10.30"]
[EventType "swiss (blitz)"]
[EventRounds "11"]
[EventCountry "NET"]
[SourceTitle "CB45_2024"]
[Source "ChessBase"]
[SourceDate "2024.11.06"]
[SourceVersion "1"]
[SourceVersionDate "2024.11.06"]
[SourceQuality "1"]

1. e4 c6 2. d4 d5 3. f3 dxe4 4. fxe4 e5 5. Nc3 exd4 6. Nce2 Qh4+ 7. g3 Qxe4 8. Kf2 Qxh1 9. Bg2 Qxh2 10. Qxd4 Nf6 11. Bg5 Be7 12. Nf3 Qh5 13. Nf4 Bc5 14. Re1+ Be6 15. Qxc5 Nbd7 16. Qd6 Ng4+ 17. Kg1 1-0

[Event "Swiss Queens Wed #40"]
[Site "FIDE Online Arena INT"]
[Date "2024.10.30"]
[Round "7"]
[White "Savitha Shri, B."]
[Black "Balabayeva, Kseniya"]
[Result "0-1"]
[WhiteElo "2348"]
[BlackElo "2335"]
[PlyCount "66"]
[EventDate "2024.10.30"]
[EventType "swiss (blitz)"]
[EventRounds "11"]
[EventCountry "NET"]
[SourceTitle "CB45_2024"]
[Source "ChessBase"]
[SourceDate "2024.11.06"]
[SourceVersion "1"]
[SourceVersionDate "2024.11.06"]
[SourceQuality "1"]

1. e4 c6 2. d4 d5 3. Nc3 dxe4 4. Nxe4 Nf6 5. Nxf6+ exf6 6. c3 Bd6 7. Bd3 0-0 8. Qc2 Re8+ 9. Ne2 h5 10. Be3 Nd7 11. 0-0-0 Nf8 12. h3 Be6 13. Kb1 Bd5 14. c4 Bxg2 15. Rhg1 Bf3 16. Bh6 g6 17. Bxg6 fxg6 18. Rxg6+ Kh7 19. Rg4+ Kxh6 20. Qd2+ Kh7 21. Qd3+ Kh8 22. Qxf3 hxg4 23. hxg4 Qe7 24. Rh1+ Kg8 25. Nc3 Bb4 26. Ka1 Bxc3 27. bxc3 Rad8 28. Qh3 Qg7 29. Qg2 Ne6 30. Qg3 Ng5 31. f4 Ne4 32. Qh4 Nxc3 33. g5 Re2 0-1

[Event "Olympiad Women-45"]
[Site "Budapest"]
[Date "2024.09.22"]
[Round "11.3"]
[White "Balabayeva, Kseniya"]
[Black "Krush, Irina"]
[Result "1/2-1/2"]
[WhiteElo "2335"]
[BlackElo "2396"]
[PlyCount "110"]
[EventDate "2024.09.11"]
[EventType "team-swiss"]
[EventRounds "11"]
[EventCountry "HUN"]
[SourceTitle "EXT 2025"]
[Source "ChessBase"]
[SourceDate "2024.10.14"]
[SourceVersion "1"]
[SourceVersionDate "2024.10.14"]
[SourceQuality "1"]
[WhiteTeam "Kazakhstan (W)"]
[BlackTeam "United States (W)"]
[WhiteTeamCountry "KAZ"]
[BlackTeamCountry "USA"]

1. d4 Nf6 2. Nf3 e6 3. Bf4 d5 4. e3 Bd6 5. Ne5 0-0 6. Bd3 c5 7. c3 Qc7 8. Nd2 b6 9. Qf3 Ba6 10. Bxa6 Nxa6 11. 0-0 Rac8 12. h4 Nb8 13. g4 Nc6 14. Qg3 Rfd8 15. Rad1 Ne8 16. Ndf3 f6 17. Nxc6 Qxc6 18. g5 f5 19. Ne5 Bxe5 20. Bxe5 Qd7 21. h5 Nd6 22. h6 g6 23. Kh1 Nc4 24. b3 Nxe5 25. Qxe5 c4 26. b4 a6 27. f3 Rc7 28. e4 Qd6 29. Qh2 dxe4 30. fxe4 Rf7 31. exf5 Rxf5 32. Rxf5 gxf5 33. Re1 Qd5+ 34. Kg1 Qd6 35. Re5 Qe7 36. Qf4 Kf7 37. d5 Rxd5 38. Rxd5 exd5 39. Qxf5+ Ke8 40. Qc8+ Kf7 41. Qf5+ Ke8 42. Qxd5 Qe3+ 43. Kg2 Ke7 44. g6 Qe2+ 45. Kg3 Qe1+ 46. Kg4 Qg1+ 47. Kf4 Qh2+ 48. Ke4 Qh4+ 49. Ke3 Qxh6+ 50. Kf2 Qh2+ 51. Kf1 Qh3+ 52. Kf2 Qh2+ 53. Kf1 Qh3+ 54. Kf2 Qh2+ 55. Kf1 Qh3+ 1/2-1/2

[Event "Olympiad Women-45"]
[Site "Budapest"]
[Date "2024.09.21"]
[Round "10.3"]
[White "Batsiashvili, Nino"]
[Black "Balabayeva, Kseniya"]
[Result "1/2-1/2"]
[WhiteElo "2461"]
[BlackElo "2335"]
[PlyCount "89"]
[EventDate "2024.09.11"]
[EventType "team-swiss"]
[EventRounds "11"]
[EventCountry "HUN"]
[SourceTitle "EXT 2025"]
[Source "ChessBase"]
[SourceDate "2024.10.14"]
[SourceVersion "1"]
[SourceVersionDate "2024.10.14"]
[SourceQuality "1"]
[WhiteTeam "Georgia (W)"]
[BlackTeam "Kazakhstan (W)"]
[WhiteTeamCountry "GEO"]
[BlackTeamCountry "KAZ"]

1. d4 d5 2. c4 e6 3. Nc3 Nf6 4. cxd5 exd5 5. Bg5 c6 6. e3 h6 7. Bh4 Be7 8. Bd3 0-0 9. h3 Re8 10. Bg3 Bd6 11. Nge2 a5 12. 0-0 Na6 13. a3 Bxg3 14. Nxg3 Qd6 15. Qd2 b5 16. Nce2 Nc7 17. Rac1 h5 18. f3 h4 19. Nh1 Bd7 20. Nf2 Ne6 21. Bb1 c5 22. dxc5 Nxc5 23. Nd4 a4 24. Rc3 Ne6 25. Nf5 Qb6 26. Ng4 Nxg4 27. fxg4 Ng5 28. Kh1 Bxf5 29. gxf5 Rad8 30. f6 gxf6 31. Qf2 d4 32. exd4 Qxd4 33. Qxd4 Rxd4 34. Rd3 Red8 35. Rfd1 Rxd3 36. Bxd3 Ne6 37. Kg1 Rb8 38. Bf5 b4 39. Bxe6 fxe6 40. Rd4 bxa3 41. bxa3 Rb1+ 42. Kf2 Rb2+ 43. Kf1 Ra2 44. Rxa4 Kf7 45. Rxh4 1/2-1/2

[Event "Olympiad Women-45"]
[Site "Budapest"]
[Date "2024.09.20"]
[Round "9.3"]
[White "Balabayeva, Kseniya"]
[Black "Kiolbasa, Oliwia"]
[Result "1/2-1/2"]
[WhiteElo "2335"]
[BlackElo "2348"]
[PlyCount "78"]
[EventDate "2024.09.11"]
[EventType "team-swiss"]
[EventRounds "11"]
[EventCountry "HUN"]
[SourceTitle "EXT 2025"]
[Source "ChessBase"]
[SourceDate "2024.10.14"]
[SourceVersion "1"]
[SourceVersionDate "2024.10.14"]
[SourceQuality "1"]
[WhiteTeam "Kazakhstan (W)"]
[BlackTeam "Poland (W)"]
[WhiteTeamCountry "KAZ"]
[BlackTeamCountry "POL"]

1. d4 d5 2. Nf3 Nf6 3. Bf4 c5 4. e3 Nc6 5. Nbd2 Bg4 6. Be2 e6 7. 0-0 cxd4 8. exd4 Bd6 9. Bxd6 Qxd6 10. c3 0-0 11. a4 Nd7 12. Re1 h6 13. Nf1 Bf5 14. Ng3 Bg6 15. a5 a6 16. Bf1 Rfe8 17. Qd2 Qc7 18. b4 Nf6 19. Ne5 Ne4 20. Nxe4 Bxe4 21. Nxc6 Qxc6 22. Re3 Rac8 23. Qb2 Qd6 24. b5 axb5 25. Bxb5 Re7 26. Qb4 Qc7 27. c4 e5 28. dxe5 Rxe5 29. Rae1 Rh5 30. g3 Qc5 31. Qxc5 Rxc5 32. f3 dxc4 33. g4 Rhg5 34. h4 Rg6 35. Bxc4 Rxc4 36. Rxe4 Rxe4 37. Rxe4 Ra6 38. Re8+ Kh7 39. Re7 f6 1/2-1/2

[Event "Olympiad Women-45"]
[Site "Budapest"]
[Date "2024.09.18"]
[Round "7.3"]
[White "Beydullayeva, Govhar"]
[Black "Balabayeva, Kseniya"]
[Result "1/2-1/2"]
[WhiteElo "2395"]
[BlackElo "2335"]
[PlyCount "93"]
[EventDate "2024.09.11"]
[EventType "team-swiss"]
[EventRounds "11"]
[EventCountry "HUN"]
[SourceTitle "EXT 2025"]
[Source "ChessBase"]
[SourceDate "2024.10.14"]
[SourceVersion "1"]
[SourceVersionDate "2024.10.14"]
[SourceQuality "1"]
[WhiteTeam "Azerbaijan (W)"]
[BlackTeam "Kazakhstan (W)"]
[WhiteTeamCountry "AZE"]
[BlackTeamCountry "KAZ"]

1. d4 d5 2. c4 e6 3. Nf3 Nf6 4. Nc3 c6 5. Bg5 Nbd7 6. cxd5 exd5 7. e3 h6 8. Bh4 Be7 9. Qc2 0-0 10. Bd3 Re8 11. 0-0 Ne4 12. Bxe4 Bxh4 13. Bh7+ Kh8 14. Nxh4 Qxh4 15. Bd3 Qe7 16. Rae1 Nf6 17. f3 Bd7 18. Qf2 c5 19. Qh4 Qd6 20. dxc5 Qxc5 21. Qd4 b6 22. Kf2 Rec8 23. g4 Qxd4 24. exd4 Be6 25. h4 Kg8 26. Kg3 a6 27. Ne2 Rc6 28. Nf4 b5 29. Rf2 Ne8 30. Rfe2 Nc7 31. g5 Kf8 32. Rc2 Rxc2 33. Bxc2 hxg5 34. hxg5 Ke7 35. Rh1 Rc8 36. Rh7 Ne8 37. Bb3 Nd6 38. Nxd5+ Bxd5 39. Bxd5 Rc2 40. g6 Nf5+ 41. Kf4 fxg6 42. Be4 Rxb2 43. Bxf5 gxf5 44. Rxg7+ Kf6 45. Rb7 Rxa2 46. Rb6+ Ke7 47. Ke5 1/2-1/2

[Event "Olympiad Women-45"]
[Site "Budapest"]
[Date "2024.09.16"]
[Round "6.10"]
[White "Balabayeva, Kseniya"]
[Black "Arribas Robaina, Maritza"]
[Result "1-0"]
[WhiteElo "2335"]
[BlackElo "2143"]
[PlyCount "73"]
[EventDate "2024.09.11"]
[EventType "team-swiss"]
[EventRounds "11"]
[EventCountry "HUN"]
[SourceTitle "EXT 2025"]
[Source "ChessBase"]
[SourceDate "2024.10.14"]
[SourceVersion "1"]
[SourceVersionDate "2024.10.14"]
[SourceQuality "1"]
[WhiteTeam "Kazakhstan (W)"]
[BlackTeam "Cuba (W)"]
[WhiteTeamCountry "KAZ"]
[BlackTeamCountry "CUB"]

1. d4 d5 2. Bf4 Nf6 3. e3 e6 4. Nf3 Bd6 5. Bg3 0-0 6. Nbd2 c5 7. c3 Qc7 8. Bxd6 Qxd6 9. Ne5 Nfd7 10. Ndf3 f6 11. Nxd7 Nxd7 12. Be2 b6 13. 0-0 Bb7 14. c4 Rfd8 15. Rc1 Kh8 16. dxc5 Nxc5 17. b4 Ne4 18. Qb3 dxc4 19. Bxc4 e5 20. Rfd1 Qe7 21. Bd5 Bxd5 22. Rxd5 Rac8 23. Rxd8+ Rxd8 24. h3 g6 25. Qc2 Nd6 26. Qb3 Kg7 27. Rc6 Nf7 28. Qc4 Rd6 29. b5 Rxc6 30. Qxc6 Nd8 31. Qd5 Nf7 32. g4 Qd6 33. Qb7 Qb4 34. g5 Qxb5 35. Qxa7 Qc6 36. gxf6+ Kxf6 37. Qxf7+ 1-0

[Event "Olympiad Women-45"]
[Site "Budapest"]
[Date "2024.09.15"]
[Round "5.1"]
[White "Balabayeva, Kseniya"]
[Black "Divya, Deshmukh"]
[Result "1/2-1/2"]
[WhiteElo "2335"]
[BlackElo "2483"]
[PlyCount "85"]
[EventDate "2024.09.11"]
[EventType "team-swiss"]
[EventRounds "11"]
[EventCountry "HUN"]
[SourceTitle "EXT 2025"]
[Source "ChessBase"]
[SourceDate "2024.10.14"]
[SourceVersion "1"]
[SourceVersionDate "2024.10.14"]
[SourceQuality "1"]
[WhiteTeam "Kazakhstan (W)"]
[BlackTeam "India (W)"]
[WhiteTeamCountry "KAZ"]
[BlackTeamCountry "IND"]

1. d4 Nf6 2. Nf3 d5 3. Bf4 e6 4. e3 c5 5. c3 Nc6 6. Nbd2 cxd4 7. exd4 Nh5 8. Be3 Bd6 9. h3 0-0 10. Bd3 Nf4 11. Bxf4 Bxf4 12. 0-0 Bd7 13. Qc2 g6 14. Rae1 Rc8 15. Qb1 Kg7 16. Re2 a5 17. Rfe1 a4 18. a3 Qb6 19. g3 Bd6 20. h4 Ne7 21. h5 Bb5 22. Nf1 Ng8 23. Ng5 Rce8 24. Nh2 Bxd3 25. Qxd3 Qd8 26. f4 Nf6 27. hxg6 hxg6 28. Nhf3 Ng4 29. Nxf7 Rxf7 30. Ng5 Rfe7 31. Nxe6+ Rxe6 32. Rxe6 Rxe6 33. Rxe6 Nf6 34. Qb5 Kf7 35. Re2 Qc8 36. Qxa4 Qg4 37. Rg2 Qf3 38. Qc2 Qe3+ 39. Qf2 Qc1+ 40. Qf1 Qe3+ 41. Qf2 Qc1+ 42. Qf1 Qe3+ 43. Qf2 1/2-1/2

[Event "Olympiad Women-45"]
[Site "Budapest"]
[Date "2024.09.13"]
[Round "3.11"]
[White "Balabayeva, Kseniya"]
[Black "Schloffer, Jasmin Denise"]
[Result "1-0"]
[WhiteElo "2335"]
[BlackElo "2168"]
[PlyCount "93"]
[EventDate "2024.09.11"]
[EventType "team-swiss"]
[EventRounds "11"]
[EventCountry "HUN"]
[SourceTitle "EXT 2025"]
[Source "ChessBase"]
[SourceDate "2024.10.14"]
[SourceVersion "1"]
[SourceVersionDate "2024.10.14"]
[SourceQuality "1"]
[WhiteTeam "Kazakhstan (W)"]
[BlackTeam "Austria (W)"]
[WhiteTeamCountry "KAZ"]
[BlackTeamCountry "AUT"]

1. e4 c6 2. d4 d5 3. exd5 cxd5 4. Bd3 Nc6 5. c3 Qc7 6. Nf3 Bg4 7. 0-0 e6 8. h3 Bh5 9. Re1 Bd6 10. Nbd2 Nge7 11. Nf1 Bg6 12. Bg5 0-0 13. Bxe7 Nxe7 14. a4 Rab8 15. Ne3 a6 16. Bxg6 Nxg6 17. Qd2 Rfc8 18. a5 Ne7 19. Rec1 Nc6 20. b4 Qe7 21. Re1 Qf8 22. Qd3 Qd8 23. Nd2 Na7 24. Nb3 Nb5 25. Nc5 Rc7 26. Rad1 Qg5 27. c4 dxc4 28. Nxc4 Rd8 29. Nxd6 Rxd6 30. Ne4 Qd8 31. Nxd6 Qxd6 32. d5 e5 33. Qf5 f6 34. Qe6+ Qxe6 35. dxe6 Kf8 36. f4 Ke7 37. fxe5 f5 38. Rd7+ Kxe6 39. Rxc7 Nxc7 40. Rc1 Nd5 41. b5 axb5 42. Rc5 b4 43. Rb5 Kxe5 44. Rxb7 Kd6 45. a6 Kc6 46. Rb8 Nb6 47. a7 1-0

[Event "Olympiad Women-45"]
[Site "Budapest"]
[Date "2024.09.12"]
[Round "2.11"]
[White "Balabayeva, Kseniya"]
[Black "Paasikangas Tella, Johanna"]
[Result "1-0"]
[WhiteElo "2335"]
[BlackElo "2058"]
[PlyCount "101"]
[EventDate "2024.09.11"]
[EventType "team-swiss"]
[EventRounds "11"]
[EventCountry "HUN"]
[SourceTitle "EXT 2025"]
[Source "ChessBase"]
[SourceDate "2024.10.14"]
[SourceVersion "1"]
[SourceVersionDate "2024.10.14"]
[SourceQuality "1"]
[WhiteTeam "Kazakhstan (W)"]
[BlackTeam "Finland (W)"]
[WhiteTeamCountry "KAZ"]
[BlackTeamCountry "FIN"]

1. e4 e5 2. Nf3 Nc6 3. Bc4 Bc5 4. d3 Nf6 5. 0-0 d6 6. a4 a5 7. h3 h6 8. c3 Ba7 9. Be3 0-0 10. Bxa7 Rxa7 11. Re1 Qe7 12. Nh2 Be6 13. Nd2 Nd8 14. Qf3 Bxc4 15. Nxc4 Ne6 16. Ne3 Nf4 17. d4 Kh7 18. Rad1 Ra6 19. h4 Qe6 20. g3 Ng6 21. Nd5 Ne8 22. h5 Ne7 23. dxe5 dxe5 24. Nxe7 Qxe7 25. Qf5+ Kg8 26. Rd7 Qc5 27. Rd5 Qc4 28. Qxe5 Qxa4 29. Nf3 Rf6 30. Rxa5 Qc2 31. Kg2 Qxb2 32. Rb5 Qc2 33. Rxb7 Re6 34. Qd4 Rc6 35. Re3 Nd6 36. Rb4 Ra6 37. Qd3 Ra2 38. Qxc2 Rxc2 39. e5 Nf5 40. Rd3 Ra8 41. Rf4 Ne7 42. Rd7 Re8 43. c4 c6 44. Rc7 Rc1 45. Rd4 Kf8 46. e6 fxe6 47. Ne5 Rc2 48. Rdd7 Re2 49. Ng6+ Nxg6 50. hxg6 Re4 51. Rxg7 1-0

[Event "Olympiad Women-45"]
[Site "Budapest"]
[Date "2024.09.11"]
[Round "1.11"]
[White "Fabra, Nahiara"]
[Black "Balabayeva, Kseniya"]
[Result "0-1"]
[WhiteElo "1932"]
[BlackElo "2335"]
[PlyCount "78"]
[EventDate "2024.09.11"]
[EventType "team-swiss"]
[EventRounds "11"]
[EventCountry "HUN"]
[SourceTitle "EXT 2025"]
[Source "ChessBase"]
[SourceDate "2024.10.14"]
[SourceVersion "1"]
[SourceVersionDate "2024.10.14"]
[SourceQuality "1"]
[WhiteTeam "Uruguay (W)"]
[BlackTeam "Kazakhstan (W)"]
[WhiteTeamCountry "URU"]
[BlackTeamCountry "KAZ"]

1. e4 c6 2. d4 d5 3. Nc3 dxe4 4. Nxe4 Nf6 5. Nxf6+ exf6 6. c3 Bd6 7. Bd3 0-0 8. Ne2 Re8 9. Qc2 h5 10. Be3 Nd7 11. 0-0 h4 12. h3 Nf8 13. Rad1 Bd7 14. c4 Rc8 15. Rfe1 Bb8 16. Qb3 b6 17. c5 Be6 18. Qc2 b5 19. Bf4 Qa5 20. Bxb8 Rxb8 21. Be4 Rbc8 22. a3 g6 23. Nf4 f5 24. Bxc6 Bb3 25. Qc1 Rxe1+ 26. Rxe1 Rxc6 27. Re8 Qc7 28. Qe3 Qd7 29. Re7 Re6 30. Nxe6 Qxe7 31. Qxb3 Nxe6 32. Qe3 Qd7 33. b4 Qxd4 34. Qe2 a6 35. Qf3 Qa1+ 36. Kh2 Qe5+ 37. Kg1 Nd4 38. Qa8+ Kg7 39. Qxa6 Qe1+ 0-1

[Event "Karaganda Akim Cup (Women)"]
[Site "Karaganda"]
[Date "2024.09.04"]
[Round "9"]
[White "Balabayeva, Kseniya"]
[Black "Matnadze, Ana"]
[Result "1-0"]
[WhiteElo "2335"]
[BlackElo "2345"]
[PlyCount "183"]
[EventDate "2024.08.27"]
[EventType "tourn"]
[EventRounds "9"]
[EventCountry "KAZ"]
[EventCategory "3"]
[SourceTitle "EXT 2025"]
[Source "ChessBase"]
[SourceDate "2024.10.14"]
[SourceVersion "1"]
[SourceVersionDate "2024.10.14"]
[SourceQuality "1"]

1. e4 c6 2. d4 g6 3. Nf3 Bg7 4. Bd3 d6 5. 0-0 e5 6. dxe5 dxe5 7. a4 Ne7 8. b3 0-0 9. Ba3 Qc7 10. Nbd2 Rd8 11. Qe2 h6 12. Nc4 b5 13. axb5 cxb5 14. Bxe7 Qxe7 15. Nb6 axb6 16. Rxa8 Bb7 17. Raa1 b4 18. Rad1 Rc8 19. Bc4 Kh7 20. Rfe1 Qc7 21. h3 Bf8 22. Qd2 Kg7 23. Nh2 Bc5 24. Ng4 Rh8 25. c3 Qe7 26. Re2 bxc3 27. Qxc3 Nc6 28. Qg3 Nd4 29. Ree1 Bb4 30. Nxe5 Bxe1 31. Rxd4 Rd8 32. Bxf7 g5 33. Bd5 b5 34. Rd1 Ba5 35. Ng4 Bc7 36. Qc3+ Kg6 37. Qc2 Bc8 38. e5+ Kg7 39. Nf6 Bxe5 40. Nh5+ Kh8 41. Bf3 Rxd1+ 42. Bxd1 Bc7 43. Be2 Qe5 44. Ng3 Bd7 45. Qg6 Qe6 46. Qc2 Qe5 47. Bg4 Be8 48. Qd1 Bf7 49. Qf3 Kg8 50. Qa8+ Kg7 51. Qc6 Kg8 52. Be2 Bxb3 53. Bxb5 Bf7 54. Bc4 Bxc4 55. Qxc4+ Kg7 56. Nh5+ Kf8 57. g3 Bd6 58. Qd3 Qe6 59. g4 Be5 60. Kg2 Ke7 61. Qe4 Kd6 62. Qb4+ Kc7 63. Qa5+ Kd7 64. Qa7+ Kc8 65. Qa8+ Kd7 66. Qb7+ Kd8 67. Kf3 Bc7 68. Qe4 Qd6 69. Ng7 Qf8+ 70. Nf5 Qa3+ 71. Kg2 Kc8 72. Qc6 Qb2 73. Qa8+ Kd7 74. Qd5+ Kc8 75. Nxh6 Qc1 76. Nf7 Qf4 77. Nxg5 Qh2+ 78. Kf1 Bd8 79. Qf5+ Kb8 80. Qb5+ Kc8 81. Qf5+ Kb8 82. Ne6 Qxh3+ 83. Ke2 Bb6 84. Qf4+ Ka7 85. Nd4 Qh8 86. Nf5 Qb2+ 87. Kf1 Qc3 88. Kg2 Qc6+ 89. Qf3 Qc1 90. Nd6 Ka6 91. Qa8+ Ba7 92. Qe4 1-0

[Event "Karaganda Akim Cup (Women)"]
[Site "Karaganda"]
[Date "2024.09.03"]
[Round "8"]
[White "Sultanbek, Zeinep"]
[Black "Balabayeva, Kseniya"]
[Result "1/2-1/2"]
[WhiteElo "2098"]
[BlackElo "2335"]
[PlyCount "22"]
[EventDate "2024.08.27"]
[EventType "tourn"]
[EventRounds "9"]
[EventCountry "KAZ"]
[EventCategory "3"]
[SourceTitle "EXT 2025"]
[Source "ChessBase"]
[SourceDate "2024.10.14"]
[SourceVersion "1"]
[SourceVersionDate "2024.10.14"]
[SourceQuality "1"]

1. Nf3 d5 2. g3 Bg4 3. Bg2 Nd7 4. h3 Bh5 5. c4 e6 6. cxd5 exd5 7. Nc3 c6 8. 0-0 Bxf3 9. Bxf3 Ngf6 10. d3 d4 11. Ne4 Be7 1/2-1/2

[Event "Karaganda Akim Cup (Women)"]
[Site "Karaganda"]
[Date "2024.09.02"]
[Round "7"]
[White "Balabayeva, Kseniya"]
[Black "Osmak, Iulija"]
[Result "0-1"]
[WhiteElo "2335"]
[BlackElo "2471"]
[PlyCount "130"]
[EventDate "2024.08.27"]
[EventType "tourn"]
[EventRounds "9"]
[EventCountry "KAZ"]
[EventCategory "3"]
[SourceTitle "EXT 2025"]
[Source "ChessBase"]
[SourceDate "2024.10.14"]
[SourceVersion "1"]
[SourceVersionDate "2024.10.14"]
[SourceQuality "1"]

1. e4 c5 2. Nf3 d6 3. Bb5+ Nd7 4. d4 cxd4 5. Qxd4 a6 6. Bxd7+ Bxd7 7. Nc3 e5 8. Qd3 Rc8 9. 0-0 h6 10. Nd2 Qc7 11. a4 Nf6 12. Rd1 Bg4 13. Re1 Be7 14. Nf1 0-0 15. Ne3 Be6 16. a5 Rfd8 17. Bd2 Qc5 18. Na4 Qd4 19. Nb6 Rc5 20. Ra4 Qxd3 21. cxd3 Rb5 22. Bc3 Kf8 23. Kf1 Nd7 24. Nxd7+ Rxd7 25. Ke2 f6 26. f3 d5 27. exd5 Bxd5 28. Nxd5 Rbxd5 29. Rd1 Kf7 30. Rc4 h5 31. Rh4 g6 32. Re4 Bd6 33. g3 Bc7 34. b4 Bd8 35. Rd2 Be7 36. Rc4 Ke6 37. d4 exd4 38. Rdxd4 Rxd4 39. Bxd4 Kd5 40. Kd3 f5 41. Bc3 Bd6 42. Bd2 Be5 43. f4 Rc7 44. Rxc7 Bxc7 45. Be3 h4 46. gxh4 Bb8 47. Bd2 Ba7 48. Be1 Bg1 49. Bg3 Bd4 50. Be1 Ba7 51. h3 Bb8 52. Bd2 Bd6 53. Bc3 Bxf4 54. Be1 Bd6 55. Bd2 Bg3 56. Bg5 Be1 57. Be7 Bf2 58. Bg5 Bg3 59. Be7 Be1 60. Ke2 Ke6 61. Bc5 Bxh4 62. Kf3 Be7 63. Bxe7 Ke5 64. Ke3 Kd5 65. Bd6 b6 0-1